Čoskoro budem prvákom pracovný zošit pre deti predškolského veku 1. časť

Bibliographic Details
Main Authors: Kovárová, Dana (Author), Kurtulíková, Alena (Author)
Other Authors: Pauličková, Danica, 1953- (Illustrator)
Format: Book
Language:Slovak
PhysicalDescription:33, 31 s. ilustr. 30 cm
Published: Bratislava Orbis Pictus Instropolitana 2012
ISBN:9788081201585
Edition:1. vyd.
Subjects:

MARC

LEADER 00000nam a22000005a 4500
001 vtls010480768
003 SK-MaSNL
005 20260302020832.0
008 240315s2012 xo 000 0 slo
015 |a SNBA2013 
020 |a 9788081201585  |q (brož.) 
035 |a AA14A989-7F41-4C2A-BFFC-817A7642F641 
035 |a urn:nbn:sk:snk-amkblm 
035 |a urn:nbn:sk:snk-am008bcr 
040 |a SNK  |b slo  |c SNK  |e AACR2 
041 0 |a slo 
044 |a xo  |c SK 
072 7 |a 373.2/.3  |x Predškolská a primárna výchova a vzdelávanie  |2 konspekt 
072 7 |a 37.016  |x Učebné osnovy. Vyučovacie predmety. Učebnice  |2 konspekt 
080 |a 373.2  |2 2001 
080 |a (076.1)  |2 2001 
100 1 |a Kovárová, Dana  |4 aut  |9 69623 
245 1 0 |a Čoskoro budem prvákom  |b pracovný zošit pre deti predškolského veku  |n 1. časť  |c Dana Kovárová, Alena Kurtulíková ; [ilustrácie Danica Pauličková] 
250 |a 1. vyd. 
260 |a Bratislava  |b Orbis Pictus Instropolitana  |c 2012 
300 |a 33, 31 s.  |b ilustr.  |c 30 cm 
500 |a Zvratmo tlačené dokumenty majú vlastné stránkovanie 
650 0 7 |a predškolská výchova  |2 SNKPH  |9 3959 
650 0 7 |a Preschool education  |2 SNKPHeng  |9 267868 
655 7 |a pracovné zošity  |2 SNKPH  |9 70188 
655 7 |a Activity books  |2 SNKPHeng  |9 302885 
700 1 |a Kurtulíková, Alena  |4 aut  |9 69624 
700 1 |a Pauličková, Danica,  |d 1953-  |4 ill  |9 8199 
919 |a 978-80-8120-158-5 
999 |c 1026504  |d 1028434 
952 |a SNK  |b SNK  |y PREZ  |7 0  |p 17A1059909  |o snkSB 84265/1  |i snk2013/86  |8 0  |0 0  |1 0  |4 0  |d 2013-01-02  |f 1  |l 0  |r 2025-05-06 00:00:00  |w 2026-02-24 
952 |a SNK  |b SNK  |y VYP  |7 0  |p 17A1059910  |o snkSB 84265/1 D1  |i snk2013/87  |8 0  |0 0  |1 0  |4 0  |d 2013-01-02  |l 0  |r 2016-06-30 00:00:00  |w 2026-02-24